=LDR 00000nam 2200000 4500 =001 INLIS000000000041301 =005 20130612150837 =008 ***********************************ind** =035 ##$$0010-061300000041301 =041 ##$$a ind =082 ##$$a 2X7.305 985 53 =090 ##$$a 2X7.305 985 53, Sar p =100 ##$$a Sarijo, Marwan =245 ##$$a Pendidikan islam dari masa ke masa, tinjauan kebijakan publik terhadap pendidikan islam di indonesia, Marwan Saridjo =260 ##$$a 2011 $b Bogor =300 ##$$a 414 hlm, 21cm =650 ##$$a Pendidikan islam indonesia =850 ##$$a NNT-CD